Derecho comercial europeo
সংরক্ষণ করুন:
| প্রধান লেখক: | |
|---|---|
| বিন্যাস: | গ্রন্থ |
| ভাষা: | স্প্যানিশ |
| প্রকাশিত: |
Madrid
Gráficas Joaquín Morales
1984
|
| বিষয়গুলি: | |
| ট্যাগগুলো: |
ট্যাগ যুক্ত করুন
কোনো ট্যাগ নেই, প্রথমজন হিসাবে ট্যাগ করুন!
|
MARC
| LEADER | 00000nam a2200000 a 4500 | ||
|---|---|---|---|
| 001 | UCV2491 | ||
| 003 | CL-VaPUC | ||
| 008 | 920731e19840000SP |||||||||||||||||spa|d | ||
| 082 | 0 | 4 | |a 346.07 |b GOL |2 21 |
| 100 | 0 | |a Goldman, Berthold |e author |9 296729 | |
| 245 | 1 | 0 | |a Derecho comercial europeo |
| 300 | |a 726 p | ||
| 942 | |c BK | ||
| 945 | |d 19920731 00:00:00 | ||
| 260 | |a Madrid |b Gráficas Joaquín Morales |c 1984 | ||
| 650 | 0 | |a Derecho comercial |9 256340 | |
| 651 | 0 | |a Europa |9 255156 | |
| 583 | |a last modification |c 19920731 00:00:00 |k Rodrigo Vera | ||
| 999 | |c 210041 |d 210039 | ||
| 952 | |0 0 |1 0 |4 0 |6 346_070000000000000_GOL_1984 |7 0 |8 A |9 185991 |a BIBDER |b BIBDER |d 2019-11-14 |i 2535025 |o 346.07 GOL 1984 |p 2535025 |r 2023-01-25 |w 2019-11-14 |y BK |k DER | ||